000 00858nam0a22002651 4500
001 rc\4639314
005 20250612140231.0
021 _aRU
_b[64-56137]
035 _a(NLR Aleph) 008684388
090 _a9199110
_c9199110
100 _a20130416d1964 |||y0rusy50 ca
101 0 _arus
102 _aRU
105 _ay z |||||
200 1 _aЦентрализация учета в бюджетных учреждениях
210 _aМосква
_cФинансы
_d1964
215 _a104 с.
_d20
606 _aБюджетные учреждения
_xУчет и отчетность
_2psbo
700 1 _aСлухай
_bТ.Д.
_gТатьяна Дмитриевна
701 1 _aЯцура
_bН.Ф.
_gНиколай Федорович
801 0 _aRU
_bNLR
_gpsbo
801 1 _aRU
_bELAR
_2rusmarc
852 _aNLR
_j64-3/4480
942 _cBOOK
980 _aNB